KOHA-Header-6

Financial Accounting for BBA (Record no. 12311)

000 -LEADER
fixed length control field 00305nam a22001337a 4500
020 ## - INTERNATIONAL STANDARD BOOK NUMBER
ISBN 9789352718719
082 ## - DEWEY DECIMAL CLASSIFICATION NUMBER
Classification number 658.15
100 ## - MAIN ENTRY--AUTHOR NAME
Personal name S.N. Maheshwari
245 ## - TITLE STATEMENT
Title Financial Accounting for BBA
Statement of responsibility, etc S.N. Maheshwari
250 ## - EDITION STATEMENT
Edition statement 2nd
260 ## - PUBLICATION, DISTRIBUTION, ETC. (IMPRINT)
Place of publication India
Name of publisher VIKAS
Year of publication 2018
300 ## - PHYSICAL DESCRIPTION
Number of Pages 942 pages.
942 ## - ADDED ENTRY ELEMENTS (KOHA)
Koha item type Books
Holdings
Withdrawn status Lost status Collection code Permanent Location Current Location Shelving location Date acquired Full call number Accession Number Koha item type
      MAJU MAJU Shelf No.A39 REF 2020-03-04 658.15 9576 Accounting

Powered by Koha